| 000 | 01264cab a2200277 4500 | ||
|---|---|---|---|
| 001 | ABS59504 | ||
| 008 | 090401t1998 xxu||||| |||| 00| 0 eng d | ||
| 035 | _a(Sirsi) u89293 | ||
| 041 | _aeng | ||
| 245 | _aTandridge DC v Bickers and another | ||
| 260 | _c1998 | ||
| 350 | _a0 | ||
| 490 |
_aEstates Gazette _v[1998] 41 EG 220-222(3) |
||
| 520 | _aCA 30 June 1998. Landlord council T issued possession proceedings against B, alleging that they were guilty of nuisance to their neighbours in breach of their tenancy agreement. B served notice to exercise their right to buy. T refused to process the application and the second appellant sought declaration that B was entitled to acquire the freehold. The possession order and application for declaration came before the recorder on the same day, and he decided to hear the possession order first. Appeal against this decision was dismissed. | ||
| 650 | _aCOURT PROCEDURE | ||
| 650 | _aDISCRETION | ||
| 650 | _aHOUSING ACT 1985 S83 | ||
| 650 | _aNUISANCE | ||
| 650 | _aPOSSESSION ORDER | ||
| 650 | _aRIGHT TO BUY | ||
| 650 | _aSECURE TENANCIES | ||
| 650 | _aTANDRIDGE DC V BICKERS AND ANOTHER | ||
| 690 | _aLANDLORD AND TENANT-CASE LAW-RESIDENTIAL TENANCIES | ||
| 942 | _n0 | ||
| 948 | _c27/10/1998 | ||
| 999 |
_c56473 _d56473 |
||